| 000 | 00588nam a2200217 i 4500 | ||
|---|---|---|---|
| 001 | 137597 | ||
| 003 | ES-MaACL | ||
| 005 | 20250807214736.0 | ||
| 007 | t| | ||
| 008 | 070214s1971 sp r ||||1| spa d | ||
| 080 | _a396-058.832"19" | ||
| 100 | 1 |
_aSalazar, Fernando. _9101809 |
|
| 245 | 1 | 3 |
_aLa mujer soltera / _cFernando Salazar. |
| 260 |
_aMadrid : _bAlameda, _c1971. |
||
| 300 |
_a59 p. ; _c17 cm. |
||
| 490 | 1 |
_aOtra mujer ; _v6 |
|
| 650 | 7 |
_aMujeres solteras _2embne _9142374 |
|
| 830 | 1 |
_aOtra mujer ; _v6 _9182021 |
|
| 852 | 4 |
_aES-MaACL _jC-44932 |
|
| 999 |
_c137597 _d137597 |
||